| 000 | 00349nam a2200145Ia 4500 | ||
|---|---|---|---|
| 008 | 230917s9999||||xx |||||||||||||| ||und|| | ||
| 040 |
_e132301 _aMAIN |
||
| 041 | _aEnglish | ||
| 082 | _a338.4791 C361V | ||
| 100 | _aChandrasekhar, Rajeswari | ||
| 245 | 0 | _aVotre service II | |
| 260 |
_aDelhi _bW R Goyal _c2006 |
||
| 300 | _a142 p. | ||
| 942 | _cBK | ||
| 999 |
_c152480 _d152480 |
||